Mistrzostwa Świata 2006 - Statystyki

Ogólne statystyki
  • Ten quiz został rozwiązany 966 razy
  • Średni wynik to 25 z 32
Statystyki odpowiedzi
Kraje % Poprawnych
Niemcy
98%
Brazylia
97%
Polska
97%
Argentyna
95%
Francja
95%
Hiszpania
95%
Portugalia
94%
Włochy
94%
Anglia
92%
Stany Zjednoczone
92%
Japonia
91%
Meksyk
90%
Holandia
88%
Szwecja
88%
Australia
86%
Korea Południowa
85%
Ekwador
82%
Kostaryka
81%
Ukraina
80%
Szwajcaria
78%
Czechy
76%
Chorwacja
75%
Ghana
73%
Iran
70%
Wybrzeże Kości Słoniowej
69%
Paragwaj
68%
Arabia Saudyjska
64%
Tunezja
58%
Trynidad i Tobago
47%
Togo
44%
Angola
40%
Serbia i Czarnogóra
39%
Nie znaleziono quizów pasujących do podanych kryteriów
Rozkład punktacji
Procent ludzi z każdym wynikiem
Percentyl według liczby udzielonych odpowiedzi
Twoja historia wyników
Nie rozwiązałeś tego quizu